000 00501nam a2200169 4500
001 107584
003 ES-MaACL
005 20230906184442.0
007 t|
008 061121s1925 fr r ||||1| fre d
100 1 _aMortier, Raoul.
_983722
245 1 0 _aHistoire générale des littératures étrangeres /
_cRaoul Mortier; preface de Maxime Gorki.
260 _aParis :
_b[s.n.],
_c1925.
300 _a2 v. :
_bil. ;
_c28 cm.
700 1 _aGor'kiï, Maksim.
_959128
852 _aES-MaACL
_jF-1117-8
999 _c107584
_d107584